000
00213nam a22000857a 4500
008
161124b xxu||||| |||| 00| 0 eng d
100
_9
1371
_a
BPI India
245
_a
The Blue Jackal
260
_a
New Delhi
_b
BPI India
_c
2011
999
_c
4085
_d
4085